000 00477cam a2200193 04500
001 46130
090 _a46130
100 _a19890601d1979 m y0pory5003 ba
101 0 _apor
102 _aPT
200 1 _aSotavento
_eromance
_fHugo Rocha
205 _a2.ยช ed.
210 9 _aPorto
_cPorto Editora,
_dimp. 1979
215 _a354, [14] p.
_d19 cm
225 2 _aPortuguesa
675 _a821.134.3-31"19"
_vmed
_zpor
700 1 _aRocha,
_bHugo,
_f1907-1993
801 0 _aPT
_bBN
_gRPC
990 _cLIVROS